Thermodynamics and an introduction to thermostatistics

Bewaard in:
Bibliografische gegevens
Hoofdauteur: Callen, Herbert B (Auteur)
Formaat: Boek
Taal:Engels
Gepubliceerd in: Nueva York John Wiley 1985
Editie:2a. ed
Onderwerpen:
Tags: Voeg label toe
Geen labels, Wees de eerste die dit record labelt!

MARC

LEADER 00000nam a2200000 a 4500
001 UCV6985
003 CL-VaPUC
008 890925e19850000US |||||||||||||||||eng|d
082 0 4 |a 536.7  |b CAL  |2 21 
100 0 |a Callen, Herbert B  |e author  |9 300967 
245 1 0 |a Thermodynamics and an introduction to thermostatistics 
250 |a 2a. ed 
300 |a 493 p 
942 |c BK 
945 |d 19890925 00:00:00 
260 |a Nueva York  |b John Wiley  |c 1985 
650 0 |a Termodinámica   |9 259320 
650 0 |a Mecánica estadística  |9 261055 
583 |a last modification  |c 19890925 00:00:00  |k Rodrigo Vera 
999 |c 212752  |d 212750 
952 |0 0  |1 0  |4 0  |6 536_700000000000000_CAL_1985  |7 0  |8 A  |9 194317  |a BIBING  |b BIBING  |d 2019-11-14  |i 2625172  |o 536.7 CAL 1985  |p 2625172  |r 2025-01-20  |w 2019-11-14  |y BK  |k EIQ 
952 |0 0  |1 0  |4 0  |6 536_700000000000000_CAL_1985  |7 0  |8 A  |9 194318  |a BIBCUR  |b BIBCUR  |d 2019-11-14  |i 3178528  |o 536.7 CAL 1985  |p 3178528  |r 2025-04-22  |w 2019-11-14  |y BK  |k BCB 
952 |0 0  |1 0  |4 0  |6 536_700000000000000_CAL_1985  |7 0  |8 A  |9 194319  |a BIBCUR  |b BIBCUR  |d 2019-11-14  |i 318224K  |l 6  |m 2  |o 536.7 CAL 1985  |p 318224K  |r 2025-04-22  |s 2023-06-13  |w 2019-11-14  |y BK  |k BCB